00736nam a2200169 a 450000100100000000500170001000800410002704000250006808200240009311001050011724500960022226000700031830000240038865000400041265100670045265000470051900002148620200930011338.0100908s1982 dr a r 000 0 spa d aDO-SdBNPbspacBNPHU a352.48bR426p, 19821 aRepública Dominicana.bSecretariado Técnico de la Presidencia.bOficina Nacional de Presupuesto.10aPresupuestos de ingresos y gastos de las instituciones descentralizadas y autónomas 1982. aSanto Domingo :bSecretariado Técnico de la Presidencia,c1982. av. :bil. ;c28 cm. 4aPresupuestozRepública Dominicana 4aRepública DominicanaxGastos Presupuestados Públicosy1982 4aHacienda públicazRepública Dominicana